| 000 | 00514nam a2200181Ia 4500 | ||
|---|---|---|---|
| 999 |
_c14032 _d14032 |
||
| 003 | OSt | ||
| 005 | 20201027122725.0 | ||
| 008 | 190216s9999||||xx |||||||||||||| ||und|| | ||
| 020 | _a9780553504408 | ||
| 040 | _coclc | ||
| 082 |
_a813.54 _bRED/T |
||
| 100 |
_aRedfield, James _95763 |
||
| 245 | 4 |
_aThe Tenth Insight / _cJames Redfield |
|
| 260 |
_bBantam Books , _c1988. _aToronto: |
||
| 300 | _a236p | ||
| 650 | _aNovel&Amp;Short Stories | ||
| 942 |
_cBK _2ddc _h813.54 _iRED/T _k813.54 _mRED/T |
||